La filosofía de Maimónides /
Este es un estudio del filósofo córdobes, Mosheh ben Maimon, cuya aportación más importante pertenece al campo de la interpretación de la ley hebrea y de la síntesis entre fe religiosa y filosofía. Su pensamiento se remite esencialmente al de Aristóteles, a través de las interpretaciones árabes y ju...
Gorde:
| Egile nagusia: | |
|---|---|
| Formatua: | Liburua |
| Hizkuntza: | gaztelania |
| Argitaratua: |
México :
Fondo de Cultura Económica,
1940, c1940
|
| Edizioa: | 2a edición |
| Gaiak: | |
| Etiketak: |
Etiketarik gabe, Izan zaitez lehena erregistro honi etiketa jartzen!
|
MARC
| LEADER | 00000nam^a2200000^a^4500 | ||
|---|---|---|---|
| 001 | 000386518 | ||
| 005 | 20250521000000.0 | ||
| 009 | 20260310121001.244 | ||
| 037 | |a Acervo Xavier Clavigero | ||
| 041 | |a ESP | ||
| 082 | |a 189. |b GAO | ||
| 100 | |a Gaos, José |e (autor) | ||
| 245 | 1 | 3 | |a La filosofía de Maimónides / |c J. Gaos. |
| 250 | |a 2a edición | ||
| 264 | 4 | |a México : |b Fondo de Cultura Económica, |c 1940, c1940 | |
| 300 | |a 55 p. | ||
| 336 | |a texto |b txt |2 rdacontenido | ||
| 337 | |a sin mediación |b n |2 rdamedio | ||
| 338 | |a volumen |b nc |2 rdasoporte | ||
| 520 | |a Este es un estudio del filósofo córdobes, Mosheh ben Maimon, cuya aportación más importante pertenece al campo de la interpretación de la ley hebrea y de la síntesis entre fe religiosa y filosofía. Su pensamiento se remite esencialmente al de Aristóteles, a través de las interpretaciones árabes y judías, sin olvidar ciertos temas neoplatónicos. | ||
| 545 | 0 | |a José Gaos (1900-1969), filósofo español exiliado en México en 1938 y nacionalizado en 1941. En la formación de su pensamiento recibió la influencia de Heidegger, Husserl, Nicolai Hartman, José Ortega y Gasset y Manuel García Morente, siendo discípulo de estos dos últimos. Sus intereses filosóficos se centraron sobre la fenomenología e historicidad de la filosofía para dar cuenta del ser de la filosofía y el devenir del pensamiento frente a la historia. | |
| 561 | |a Ex libris de Instituto de Literatura Puente Grande, Jal. | ||
| 561 | |a Ex libris de Bibl. Iunioratus Dom. Prob. S. Ioseph | ||
| 561 | |a Ex libris de Bibliotheca Coll. Max. Ysletensis S.J. | ||
| 649 | |a XX | ||
| 650 | |a Filósofos Españoles | ||
| 650 | |a Cábala | ||
| 650 | |a Judaísmo | ||
| 650 | |a Revelación | ||
| 650 | |a Teología | ||
| 650 | |a Teología Filosófica | ||
| 650 | |a Filosofía Judía - |x Historia y Crítica | ||
| 650 | |a Filosofía Medieval - |x Historia y Crítica - |x Tema Principal | ||
| 650 | |a Filosofía Española - |x Historia y Crítica | ||
| 650 | |a Filosofía y Religión - |x Historia y Crítica | ||
| 650 | |a Religión | ||
| 650 | |a Maimónides - |x Tema Principal | ||
| 910 | |a Fondo General | ||
| 920 | |a Impresos - Libros | ||
| 930 | |a Colección General | ||
| 905 | |a 101 | ||
| 901 | |a 015324 |b IT1 |c ACC |u 20250521 | ||
| 902 | |a https://opac.biblio.iteso.mx/vufind/Record/000386518 | ||